00468nam a22001577a 450000500170000001000150001702000260003203500140005803700090007208200080008110000130008924500680010226000420017027000770021230000210028920220110144428.0 aENG-131055 a10-SE-000-937c685.00 aEN-114587 bDBAD a657 aWason V. aAccountancy:cV. Wason, Pankhuri WasonbIncluding Project Work/ aNew DelhibS Chand School Booksc2013 bNew DelhiaA-27, 2nd Floor, Mohan Co-operative Industrial Estatee110044 a968p.c23cm(pbk)